[Event "5th Classic KO 2013"]
[Site "London ENG"]
[Date "2013.12.15"]
[Round "2.2"]
[White "Nakamura,Hi"]
[Black "Kramnik,V"]
[Result "1-0"]
[WhiteElo "2786"]
[BlackElo "2793"]

1.d4 Nf6 2.c4 e6 3.Nc3 d5 4.cxd5 Nxd5 5.e4 Nxc3 6.bxc3 c5 7.a3 g6 8.Nf3 Bg7
9.h4 Nc6 10.Be3 Qa5 11.Qd2 cxd4 12.cxd4 Qxd2+ 13.Kxd2 O-O 14.Bb5 Bd7 15.Rhd1 Rfd8
16.Ke1 Nb4 17.Bxd7 Nc2+ 18.Kd2 Nxa1 19.Ba4 b5 20.Bxb5 Nb3+ 21.Ke2 Rac8 22.d5 exd5
23.exd5 Nc5 24.Rc1 Ne4 25.Rxc8 Rxc8 26.Bc6 Rb8 27.Bxa7 Rb2+ 28.Kf1 Ra2 29.a4 Ra1+
30.Ke2 Nc3+ 31.Kd3 Nxa4 32.Bxa4 Ra3+ 33.Ke2 Rxa4 34.Bb6 Kf8 35.g3 Ke8 36.Be3 Ra5
37.d6 Rd5 38.Bf4 f6 39.Nd2 Kd7 40.Ne4 Ke6 41.Bd2 h6 42.d7 Kf7 43.Nc5 Bf8
44.Ba5 Be7 45.Bb6 Rd6 46.Ba5 Rd5 47.Bb6 h5 48.Kf3 f5 49.Kg2 Rd2 50.Ba5 Rd5
51.Bb6 f4 52.Kf3 fxg3 53.fxg3 Rd6 54.Ba5 Rd4 55.Bb6 Rd1 56.Ba5 Rd5 57.Bb6 Rd1
58.Ba5 g5 59.hxg5 Kg6 60.Bb6 Bxg5 61.Ne6 Rd3+ 62.Ke4 Rd6 63.Nxg5 Rxd7 64.Nf3 Re7+
65.Ne5+ Kf6 66.Bd8  1-0

[Event "5th Classic KO 2013"]
[Site "London ENG"]
[Date "2013.12.15"]
[Round "2.1"]
[White "Kramnik,V"]
[Black "Nakamura,Hi"]
[Result "1/2-1/2"]
[WhiteElo "2793"]
[BlackElo "2786"]

1.Nf3 Nf6 2.c4 g6 3.b3 Bg7 4.Bb2 O-O 5.g3 d6 6.Bg2 e5 7.O-O Nh5 8.Nc3 f5
9.d3 Nc6 10.e3 h6 11.a3 a5 12.Nd2 Nf6 13.Nd5 Be6 14.f4 Kh7 15.Qc2 Qd7 16.Rae1 Rae8
17.Bc3 Bxd5 18.cxd5 Ne7 19.e4 exf4 20.gxf4 fxe4 21.dxe4 Nh5 22.Bxg7 Kxg7
23.e5 Nxf4 24.e6 Qb5 25.Qxc7 Nxg2 26.Rxf8 Kxf8 27.Kxg2 Qxd5+ 28.Ne4 Qxe6
29.Qxd6 Qxd6 30.Nxd6 Rd8 31.Rf1+ Kg8 32.Nxb7 Rd5 33.Rb1 Nc6 34.Rb2 h5 35.b4 axb4
36.axb4 Rb5 37.Nd6 Rxb4 38.Rxb4 Nxb4 39.Ne4 Kf7 40.Kf3 Nd5 41.Kg3 Kg7 42.Kh4 Kh6
43.Ng5 Ne7 44.Nf7+ Kg7 45.Nd6 Nd5 46.Kg5 Nc7 47.Kf4 Nd5+ 48.Kg5 Nf6 49.h4 Nh7+
50.Kf4 Nf8 51.Ke5 Nd7+ 52.Ke6 Nc5+ 53.Ke5 Nd7+ 54.Ke6 Nc5+ 55.Ke5 Nd3+ 56.Ke4 Nb4
57.Kf4 Nd3+ 58.Kg5 Ne5 59.Ne8+ Kf7 60.Nd6+ Ke7 61.Nc4 Nxc4 62.Kxg6 Ne5+ 63.Kxh5 Kf6
64.Kh6 Ng4+ 65.Kh5 Kf5  1/2-1/2

[Event "5th Classic KO 2013"]
[Site "London ENG"]
[Date "2013.12.15"]
[Round "3.1"]
[White "Nakamura,Hi"]
[Black "Gelfand,B"]
[Result "1-0"]
[WhiteElo "2786"]
[BlackElo "2777"]

1.d4 Nf6 2.c4 g6 3.Nc3 d5 4.Nf3 Bg7 5.Qb3 dxc4 6.Qxc4 O-O 7.e4 a6 8.e5 b5
9.Qb3 Nfd7 10.Ng5 Nc6 11.Nxf7 Rxf7 12.e6 Nxd4 13.exf7+ Kf8 14.Qd1 Nc5 15.Be3 Bf5
16.Rc1 Qd6 17.b4 Ne4 18.Nxe4 Bxe4 19.f3 Bf5 20.Qd2 Rd8 21.Kf2 Kxf7 22.Be2 Qf6
23.Rxc7 Ne6 24.Rd7 Rc8 25.Bd3 Rc3 26.Bxf5 gxf5 27.f4 Rc4 28.Rc1 Re4 29.g3 h5
30.h4 Qg6 31.Bc5 Bf6 32.Re1 Qg4 33.Rxe4 fxe4 34.Qd1 Qf5 35.Rd5 Qh3 36.Qf1  1-0

[Event "5th Classic KO 2013"]
[Site "London ENG"]
[Date "2013.12.15"]
[Round "3.2"]
[White "Gelfand,B"]
[Black "Nakamura,Hi"]
[Result "1/2-1/2"]
[WhiteElo "2777"]
[BlackElo "2786"]

1.d4 Nf6 2.c4 g6 3.Nc3 Bg7 4.e4 d6 5.Be2 O-O 6.Bg5 c5 7.d5 a6 8.a4 Qa5 9.Bd2 e6
10.Nf3 exd5 11.exd5 Bg4 12.O-O Nbd7 13.h3 Bxf3 14.Bxf3 Qc7 15.Qc2 Ne8 16.Rae1 Be5
17.Bd1 Ng7 18.f4 Bd4+ 19.Kh2 f5 20.Ne2 Bf6 21.Ng1 b5 22.cxb5 axb5 23.axb5 Qb7
24.Be2 Ra2 25.Bc3 Bxc3 26.Qxc3 Nb6 27.Nf3 Ra4 28.Ng5 h6 29.Ne6 Nxd5 30.Bf3 Nxc3
31.Bxb7 Rb8 32.Bc6 Nxb5 33.Nc7 Nxc7 34.Bxa4 Rxb2 35.Rf3 Rb4 36.Bd7 Kf7 37.g3 Kf6
38.Ra3 Rb6 39.h4 d5 40.Ra7 Nge6 41.Rea1 c4 42.Bxe6 Nxe6 43.Rd7 Rb2+ 44.Kg1 c3
45.Re1 Rb6 46.Rxd5 c2 47.Rde5 Nd4 48.Rc5 Nf3+ 49.Kf2 Nxe1 50.Kxe1 Rb3 51.Rc6+ Kf7
52.Kf2 Rb2 53.Ke3 h5 54.Kd4 Rb3 55.Rxc2 Rxg3 56.Rc7+ Kf6 57.Rc6+ Ke7 58.Ra6 Rg1
59.Ra7+ Ke6 60.Ra6+ Ke7 61.Ra7+ Ke6 62.Ra6+  1/2-1/2

[Event "Zurich CC Blitz 2014"]
[Site "Zurich SUI"]
[Date "2014.01.29"]
[Round "2.2"]
[White "Nakamura,Hi"]
[Black "Aronian,L"]
[Result "1-0"]
[WhiteElo "2789"]
[BlackElo "2812"]

1.d4 Nf6 2.Bg5 d5 3.e3 Nbd7 4.c4 e6 5.Nc3 h6 6.Bh4 Bb4 7.cxd5 exd5 8.a3 Bxc3+
9.bxc3 c5 10.Bd3 Qa5 11.Ne2 cxd4 12.O-O dxe3 13.fxe3 O-O 14.Nd4 Ne4 15.Be7 Re8
16.Bb4 Qd8 17.a4 a5 18.Ba3 Ndf6 19.c4 Be6 20.c5 Bd7 21.h3 Qc7 22.Rf3 Nxc5
23.Rc1 b6 24.Bf5 Nfe4 25.Bb2 Rad8 26.Rf4 f6 27.Bg6 Re7 28.Nf5 Bxf5 29.Bxf5 Nd6
30.Qxd5+ Kh8 31.Bb1 Rxe3 32.Rxf6 Nde4 33.Rxh6+  1-0

[Event "Zurich CC Blitz 2014"]
[Site "Zurich SUI"]
[Date "2014.01.29"]
[Round "3.3"]
[White "Anand,V"]
[Black "Nakamura,Hi"]
[Result "1/2-1/2"]
[WhiteElo "2773"]
[BlackElo "2789"]

1.e4 e6 2.d4 d5 3.Nd2 h6 4.Ngf3 Nf6 5.e5 Nfd7 6.Bd3 c5 7.c3 Nc6 8.O-O g5
9.dxc5 Nxc5 10.Bb5 a6 11.Bxc6+ bxc6 12.b4 Nd7 13.Re1 a5 14.bxa5 Qxa5 15.Nb3 Qxc3
16.Nfd4 Qc4 17.a4 Nc5 18.Nxc5 Bxc5 19.Be3 Bxd4 20.Qxd4 Qxd4 21.Bxd4 Ba6 22.Reb1 Kd7
23.Rb6 Rhb8 24.a5 Bb5 25.f3 Rxb6 26.Bxb6 Kc8 27.Kf2 Kb7 28.Ke3 h5 29.g3 g4
30.fxg4 hxg4 31.Ra2 Rh8 32.Rf2 Rh7 33.Kd4 Kc8 34.Kc5 Kd7 35.Rf4 Be2 36.Rf2 Bb5
37.Rf4 Rg7 38.Rf6 Rh7 39.Rf4  1/2-1/2

[Event "Zurich CC Blitz 2014"]
[Site "Zurich SUI"]
[Date "2014.01.29"]
[Round "4.1"]
[White "Caruana,F"]
[Black "Nakamura,Hi"]
[Result "0-1"]
[WhiteElo "2782"]
[BlackElo "2789"]

1.Nf3 d6 2.e4 c5 3.Bb5+ Nc6 4.O-O Bd7 5.Re1 a6 6.Bf1 Bg4 7.h3 Bh5 8.c3 Rc8
9.g4 Bg6 10.d4 h5 11.d5 Ne5 12.Nh2 hxg4 13.hxg4 e6 14.Bf4 Nf6 15.Bg2 c4 16.dxe6 fxe6
17.Bg3 Nd3 18.Re2 e5 19.Nd2 b5 20.b3 Bf7 21.bxc4 bxc4 22.Ndf1 g6 23.Rb1 Qd7
24.Ne3 Bh6 25.Rb6 Be6 26.a4 Ra8 27.a5 O-O 28.f3 Qc7 29.Bf2 Nd7 30.Rb1 Nxf2
31.Kxf2 Nc5 32.Kg1 Nd3 33.Nhf1 Qxa5 34.Qc2 Rab8 35.Nd1 Qc5+ 36.Nfe3 a5 37.Ra1 Rb3
38.Kh1 Kg7 39.Qa2 Ra8 40.Qa4 Nb2 41.Nxb2 Bxe3 42.Bh3 Rxc3 43.Nd1 Rd3 44.Nxe3 Rxe3
45.Rb2 Rxf3 46.Rb7+ Bf7 47.Kh2 Qf2+  0-1

[Event "Zurich CC Blitz 2014"]
[Site "Zurich SUI"]
[Date "2014.01.29"]
[Round "5.3"]
[White "Nakamura,Hi"]
[Black "Carlsen,M"]
[Result "0-1"]
[WhiteElo "2789"]
[BlackElo "2872"]

1.e4 e5 2.Nf3 Nc6 3.Nc3 Nf6 4.d4 exd4 5.Nxd4 Bb4 6.Nxc6 bxc6 7.Bd3 O-O 8.O-O d5
9.exd5 cxd5 10.Bg5 c6 11.Na4 Bd6 12.c3 Re8 13.Bh4 Bg4 14.f3 Bh5 15.Qc2 Bg6
16.Rae1 Qc7 17.g4 Bxd3 18.Qxd3 Nd7 19.Qc2 Nf8 20.Rxe8 Rxe8 21.Re1 Rb8 22.Kg2 Ne6
23.Bg3 c5 24.b3 c4 25.Rd1 cxb3 26.axb3 d4 27.Bxd6 Qxd6 28.cxd4 Nf4+ 29.Kh1 Qd5
30.Qe4 Qxb3 31.Re1 g5 32.Nc5 Qa2 33.Rg1 Nh3 34.Nd3 Nxg1 35.Qe5 Nxf3 36.Qxb8+ Kg7
37.Ne1 Qa1 38.Kg2 Nxe1+ 39.Kf2 Nd3+ 40.Ke3 Qc3  0-1

[Event "Zurich Chess Challenge 2014"]
[Site "Zurich SUI"]
[Date "2014.01.31"]
[Round "2.2"]
[White "Anand,V"]
[Black "Nakamura,Hi"]
[Result "0-1"]
[WhiteElo "2773"]
[BlackElo "2789"]

1.e4 e5 2.Nf3 Nc6 3.Bb5 Nf6 4.d3 Bc5 5.Bxc6 dxc6 6.h3 Be6 7.Nc3 Qd6 8.O-O O-O-O
9.a3 Nh5 10.Na4 Bb6 11.Nxb6+ axb6 12.a4 f6 13.Be3 Nf4 14.a5 b5 15.d4 Nxh3+
16.gxh3 Bxh3 17.dxe5 Qe6 18.Nd2 Bxf1 19.Qxf1 Qxe5 20.c3 Kb8 21.a6 b6 22.Qg2 Rd6
23.Nf1 f5 24.exf5 Qxf5 25.Ng3 Qd7 26.Qe4 Ka7 27.Kg2 h5 28.Qf5 Qe8 29.Qe4 Qf7
30.Kh1 h4 31.Ne2 Re8 32.Qg4 Rg6 33.Qh3 Qd5+ 34.Kh2 Rxe3 35.fxe3 Qd2 36.Qf1 Rf6  0-1

[Event "Zurich Chess Challenge 2014"]
[Site "Zurich SUI"]
[Date "2014.02.01"]
[Round "3.2"]
[White "Nakamura,Hi"]
[Black "Carlsen,M"]
[Result "0-1"]
[WhiteElo "2789"]
[BlackElo "2872"]

1.d4 Nf6 2.c4 e6 3.Nc3 Bb4 4.f3 d5 5.a3 Be7 6.e4 dxe4 7.fxe4 e5 8.d5 Bc5
9.Bg5 O-O 10.Nf3 Bg4 11.h3 Bxf3 12.Qxf3 Nbd7 13.O-O-O Bd4 14.Ne2 c5 15.g4 a5
16.Kb1 Ra6 17.Ng3 g6 18.h4 a4 19.Rh2 Qa5 20.Bd2 Qc7 21.g5 Ne8 22.h5 Rb6 23.Bc1 Rb3
24.Qg4 Nb6 25.Be2 Nd6 26.Rdh1 Bxb2 27.Bxb2 Nbxc4 28.Bxc4 Nxc4 29.hxg6 Qb6
30.g7 Rd8 31.Qh4 Rxb2+ 32.Ka1 Rxh2 33.Rxh2 Qg6 34.Nf5 Re8 35.Qg4 Qb6 36.Qh3 Qg6
37.d6 Nxd6 38.Nxd6 Rd8 39.Nc4 Qxe4 40.Qh5 Rd3 41.Rh4 Qf5 42.Qe2 b5 43.Nd2 Qxg5
44.Qxd3 Qxh4 45.Ne4 Kxg7 46.Qf3 Qf4 47.Qg2+ Kf8 48.Kb2 h5 49.Nd2 h4 50.Kc2 b4
51.axb4 cxb4 52.Qa8+ Kg7 53.Qxa4 h3 54.Qb3 h2 55.Qd5 e4 56.Qh5 e3 57.Nf3 e2
58.Kb3 f6 59.Ne1 Qg3+ 60.Ka4 Qg1 61.Qxe2 Qa7+  0-1

[Event "Zurich Chess Challenge 2014"]
[Site "Zurich SUI"]
[Date "2014.02.02"]
[Round "4.3"]
[White "Aronian,L"]
[Black "Nakamura,Hi"]
[Result "1-0"]
[WhiteElo "2812"]
[BlackElo "2789"]

1.Nf3 Nf6 2.c4 g6 3.Nc3 Bg7 4.g3 d6 5.Bg2 O-O 6.O-O Nc6 7.d4 a6 8.h3 Rb8
9.e4 b5 10.d5 b4 11.Ne2 Na5 12.Qc2 c6 13.Nfd4 cxd5 14.exd5 Qc7 15.b3 e5 16.dxe6 fxe6
17.a3 bxa3 18.Bd2 Nb7 19.Rxa3 e5 20.Nc6 Ra8 21.Nb4 a5 22.Qa2 Bf5 23.Nd5 Nxd5
24.Bxd5+ Kh8 25.b4 Bxh3 26.Rb1 Bf5 27.Rb2 Bd7 28.bxa5 Bc6 29.Nc3 Nc5 30.Be3 e4
31.a6 Nd3 32.Rb7 Qc8 33.Nxe4 Bxd5 34.cxd5 Qg4 35.Rxd3 Qxe4 36.Rdb3 Qxd5 37.Qe2 Qc6
38.a7 d5 39.Rxg7 Kxg7 40.Bd4+ Kh6 41.Qe3+ Kh5 42.g4+ Kh4 43.Qh6+ Kxg4 44.Qh3+ Kf4
45.Rf3+  1-0

[Event "Zurich Chess Challenge 2014"]
[Site "Zurich SUI"]
[Date "2014.02.03"]
[Round "5.1"]
[White "Nakamura,Hi"]
[Black "Gelfand,B"]
[Result "1/2-1/2"]
[WhiteElo "2789"]
[BlackElo "2777"]

1.e4 c5 2.Nf3 Nc6 3.Nc3 e5 4.Bc4 Be7 5.d3 Nf6 6.Nd2 d6 7.Nf1 Bg4 8.Qd2 Nd7
9.Nd5 Be6 10.Nfe3 Bg5 11.c3 O-O 12.Qd1 Nb6 13.Nxb6 axb6 14.Bxe6 fxe6 15.Qb3 d5
16.O-O Kh8 17.a4 Na5 18.Qb5 Nc6 19.Qb3 Na5 20.Qb5 Nc6 21.Qb3  1/2-1/2

[Event "Zurich CC Rapid 2014"]
[Site "Zurich SUI"]
[Date "2014.02.04"]
[Round "1.3"]
[White "Caruana,F"]
[Black "Nakamura,Hi"]
[Result "1-0"]
[WhiteElo "2781"]
[BlackElo "2776"]

1.d4 Nf6 2.c4 c5 3.d5 g6 4.Nc3 Bg7 5.Nf3 O-O 6.g3 e6 7.Bg2 exd5 8.cxd5 d6
9.O-O Re8 10.Bf4 a6 11.a4 h6 12.Qc1 Kh7 13.Re1 Bf5 14.Nh4 Bc8 15.Qc2 Nh5
16.Bd2 Nd7 17.Nf5 Bf8 18.Ne3 Rb8 19.a5 b5 20.axb6 Nxb6 21.Na4 Nxa4 22.Rxa4 Ng7
23.Be4 Be7 24.Ba5 Qd7 25.Bc3 Qd8 26.Nc4 Bd7 27.Ra3 Bb5 28.Na5 Qd7 29.Nc6 Rbc8
30.h4 Bf8 31.Bg2 Nh5 32.Kh2 Bg7 33.Bh3 f5 34.e4 Kh8 35.exf5 Rxe1 36.Bxe1 Nf6
37.fxg6 Ng4+ 38.Kg1 Qe8 39.Bc3 Bxc6 40.dxc6 h5 41.Bxg4 hxg4 42.Qf5 Bxc3 43.Rxc3 Qe1+
44.Kh2  1-0

[Event "Zurich CC Rapid 2014"]
[Site "Zurich SUI"]
[Date "2014.02.04"]
[Round "2.2"]
[White "Nakamura,Hi"]
[Black "Anand,V"]
[Result "1-0"]
[WhiteElo "2776"]
[BlackElo "2773"]

1.b3 e5 2.Bb2 d6 3.e3 Nf6 4.d4 exd4 5.Qxd4 Nc6 6.Qd2 Be7 7.Nc3 O-O 8.O-O-O a6
9.f3 b5 10.g4 b4 11.Nce2 a5 12.Ng3 Ne8 13.Qd5 Bb7 14.Bb5 Ne5 15.Qxb7 Rb8
16.Qd5 Nf6 17.Qxe5 dxe5 18.Rxd8 Rfxd8 19.Bd3 Bc5 20.Bxe5 Bxe3+ 21.Kb1 Nd5
22.Nf5 Bd2 23.Bxg7 Nf4 24.Ne2 Nxd3 25.cxd3 Rxd3 26.Kc2  1-0

[Event "Zurich CC Rapid 2014"]
[Site "Zurich SUI"]
[Date "2014.02.04"]
[Round "3.2"]
[White "Carlsen,M"]
[Black "Nakamura,Hi"]
[Result "1/2-1/2"]
[WhiteElo "2872"]
[BlackElo "2776"]

1.e4 c5 2.Nf3 d6 3.Bb5+ Nd7 4.O-O a6 5.Bd3 Ngf6 6.Re1 b5 7.c4 Ne5 8.Bf1 Nxc4
9.a4 Bd7 10.d4 cxd4 11.Nxd4 e5 12.axb5 exd4 13.Bxc4 axb5 14.Rxa8 Qxa8 15.Bb3 Be7
16.Qxd4 O-O 17.Nc3 b4 18.Qxb4 Rb8 19.Qc4 Be6 20.Nd5 Bd8 21.h3 h6 22.Bf4 Qb7
23.Bc2 Ba5 24.Rd1 Bxd5 25.exd5 Rc8 26.Qb3 Qxb3 27.Bxb3 Rb8 28.Bc4 Rxb2 29.Bxd6 Bb6
30.Be5 Rxf2 31.Kh2 Rf5 32.Bg3 h5 33.d6 Rc5 34.Be2 Ne4 35.d7 Bd8 36.Bb8 Nf6
37.Bf3 Kh7 38.Bf4 g5 39.Be3 Rb5 40.Bc6 Ra5 41.Bd4 Kg6 42.Kh1 Ra6 43.Rc1 h4
44.Kg1 Be7 45.Bb5 Rd6 46.Bc5 Rxd7 47.Bxd7 Bxc5+ 48.Rxc5 Nxd7 49.Rc6+ f6 50.Kf2 Ne5
51.Rc3 Kf5 52.Ke3 Nd7 53.Rb3 Nf8 54.Rb5+ Kg6 55.Ke4 Ne6 56.Rb2 Nf4 57.Ra2 Ne6
58.Kd5 Nf4+ 59.Kd6 g4 60.hxg4 Kg5 61.Ke7 Kxg4 62.Kxf6 Kg3 63.Kf5 Nxg2 64.Ra3+ Kf2
65.Kg4 Ne3+ 66.Kxh4 Kf3 67.Ra4 Nf5+ 68.Kg5 Ne3 69.Ra3 Ke4 70.Rxe3+ Kxe3  1/2-1/2

[Event "Zurich CC Rapid 2014"]
[Site "Zurich SUI"]
[Date "2014.02.04"]
[Round "4.3"]
[White "Nakamura,Hi"]
[Black "Aronian,L"]
[Result "1-0"]
[WhiteElo "2776"]
[BlackElo "2826"]

1.b3 d5 2.e3 Nf6 3.Bb2 Bf5 4.h3 h6 5.Nf3 e6 6.c4 Be7 7.g4 Bh7 8.Rg1 Nbd7
9.cxd5 exd5 10.h4 Ne4 11.g5 hxg5 12.hxg5 O-O 13.d3 Bb4+ 14.Nbd2 Nxd2 15.Nxd2 c5
16.a3 Bxd2+ 17.Qxd2 Re8 18.f4 Qb6 19.Kf2 Qxb3 20.g6 Bxg6 21.f5 d4 22.e4 Bxf5
23.exf5 Re3 24.Rb1 Qd5 25.Rxg7+ Kf8 26.Rg2 Ne5 27.Qd1 Re8 28.Bc1 b6 29.Qh5 Qf3+
30.Qxf3 Rxf3+ 31.Kg1 Rxf5 32.Rf2 Rh5 33.Bf4 Re6 34.Be2 Rh3 35.Rd1 Ke7 36.Kg2 Rh8
37.Bh2 Rg6+ 38.Kf1 f6 39.Ke1 Ng4 40.Bxg4 Rxg4 41.Kd2 Rg6 42.a4 Rhg8 43.Re1+ Kd7
44.Ree2 Kc6 45.Kc2 f5 46.Kb3 Rf8 47.Re7 f4 48.Rxa7 Re6 49.Kc4 Re1 50.Bxf4 Rc1+
51.Bxc1 Rxf2 52.Kb3 Rf3 53.Kc2 c4 54.dxc4 Rc3+ 55.Kb2 Rxc4 56.Bd2 d3 57.Kb3 Rc2
58.Bf4 Rf2 59.Rc7+ Kd5 60.Rd7+ Kc6 61.Rc7+ Kd5 62.Be3 Rf1 63.Rd7+ Ke4 64.Bxb6 Rb1+
65.Kc4 Rxb6 66.Rxd3 Ra6 67.Ra3 Ra5 68.Kb4 Ra8 69.Kc5 Rc8+ 70.Kb6 Kd5 71.a5 Kd6
72.Rd3+ Ke7 73.a6 Rb8+ 74.Kc7 Rb1 75.Re3+ Kf7 76.Ra3 Rc1+ 77.Kb6 Rb1+ 78.Ka5  1-0

[Event "Zurich CC Rapid 2014"]
[Site "Zurich SUI"]
[Date "2014.02.04"]
[Round "5.1"]
[White "Gelfand,B"]
[Black "Nakamura,Hi"]
[Result "0-1"]
[WhiteElo "2761"]
[BlackElo "2776"]

1.d4 f5 2.Nc3 d5 3.Bf4 Nf6 4.e3 a6 5.Nf3 e6 6.Bd3 c5 7.dxc5 Bxc5 8.O-O Nc6
9.Ne2 O-O 10.c4 Nb4 11.Nc3 Nxd3 12.Qxd3 dxc4 13.Qxc4 Qe7 14.Rac1 Bd7 15.Ne5 b5
16.Qb3 Rfc8 17.Nxd7 Qxd7 18.Rfd1 Qf7 19.a4 b4 20.Ne2 a5 21.h3 h6 22.Be5 Nd7
23.Bg3 Bf8 24.Nd4 e5 25.Qxf7+ Kxf7 26.Rxc8 Rxc8 27.Nxf5 Ke6 28.e4 Rc2 29.Rd5 Rc5
30.Ne3 Nb6 31.Rd8 Be7 32.Re8 Kf7 33.Rb8 Nxa4 34.Nd5 Bf6 35.Rb7+ Kg6 36.f4 exf4
37.Nxf4+ Kh7 38.Ne6 Rc6 39.e5 Bg5 40.Nxg7 Nc5 41.Ra7 Kg6 42.Ne8 a4 43.h4 Be3+
44.Kh2 a3 45.bxa3 b3 46.h5+ Kxh5 47.e6 Nxe6 48.Rb7 Rb6 49.Rxb6  0-1

[Event "Vugar Gashimov Mem 2014"]
[Site "Shamkir AZE"]
[Date "2014.04.21"]
[Round "2.2"]
[White "Carlsen,M"]
[Black "Nakamura,Hi"]
[Result "1-0"]
[WhiteElo "2881"]
[BlackElo "2772"]

1.d4 d5 2.c4 c6 3.Nf3 Nf6 4.e3 Bf5 5.Nc3 a6 6.Be2 h6 7.Bd3 Bxd3 8.Qxd3 e6
9.O-O Bb4 10.Bd2 O-O 11.Rfd1 Bxc3 12.Bxc3 Nbd7 13.b3 Qe7 14.Rac1 Rac8 15.Qe2 Ne4
16.Bb2 Rfd8 17.Ne1 Nd6 18.Ba3 f5 19.Nd3 Nf6 20.Bb4 Qc7 21.Qf3 dxc4 22.bxc4 Nf7
23.a4 a5 24.Be1 b6 25.Qg3 Qxg3 26.hxg3 Ra8 27.f3 Rdb8 28.Rc2 b5 29.Nc5 bxc4
30.Rxc4 Nd5 31.Bd2 e5 32.e4 fxe4 33.Nxe4 Nb6 34.Rxc6 Nd8 35.Rg6 Nc4 36.dxe5 Kh7
37.Rg4 Nxe5 38.Rh4 Ndf7 39.Bc3 Rb3 40.Rd5 Re8 41.Rf4 Re7 42.Bxa5 Ng6 43.Rff5 Nfe5
44.Rd1 Nc4 45.Rc1 Nxa5 46.Rxa5 Ra3 47.Rcc5 Ra2 48.Kh2 Rd7 49.Ra6 Ne7 50.g4 Rb7
51.Rb5 Rc7 52.Nc5 Rc6 53.Rxc6 Nxc6 54.Rb7 Nd4 55.Kh3 Kg8 56.Rb4 Ne2 57.g5 Ng1+
58.Kg3 Ne2+ 59.Kg4 hxg5 60.Kxg5 Ng1 61.Rg4  1-0

[Event "Vugar Gashimov Mem 2014"]
[Site "Shamkir AZE"]
[Date "2014.04.22"]
[Round "3.1"]
[White "Nakamura,Hi"]
[Black "Mamedyarov,S"]
[Result "1-0"]
[WhiteElo "2772"]
[BlackElo "2760"]

1.e4 c6 2.d4 d5 3.e5 Bf5 4.Nf3 e6 5.Be2 c5 6.Be3 Qb6 7.Nc3 Nc6 8.dxc5 Bxc5
9.Bxc5 Qxc5 10.Nb5 Kf8 11.Nbd4 Nge7 12.O-O Be4 13.Re1 Qb4 14.a3 Qxb2 15.Rb1 Qxa3
16.Rxb7 Bxf3 17.Nxf3 h6 18.Qd2 g5 19.h4 g4 20.Nd4 Qa5 21.c3 Nxd4 22.Qxd4 Nf5
23.Qd2 d4 24.Bxg4 Qxc3 25.Qe2 Nxh4 26.Bh5 Rh7 27.Qe4 Rc8 28.Qxh7 Qxe1+ 29.Kh2 Qxe5+
30.g3 Rc7 31.Rb8+ Ke7 32.Qxf7+ Kd6 33.Qf8+ Kd5  1-0

[Event "Vugar Gashimov Mem 2014"]
[Site "Shamkir AZE"]
[Date "2014.04.23"]
[Round "4.1"]
[White "Radjabov,T"]
[Black "Nakamura,Hi"]
[Result "1/2-1/2"]
[WhiteElo "2713"]
[BlackElo "2772"]

1.d4 d5 2.c4 c6 3.Nf3 Nf6 4.e3 Bg4 5.Qb3 Qb6 6.Nc3 e6 7.Nh4 Bh5 8.h3 g5 9.Nf3 h6
10.Bd3 Nbd7 11.g4 Qxb3 12.axb3 Bg6 13.Bxg6 fxg6 14.Ke2 Bg7 15.Bd2 O-O 16.Be1 a6
17.h4 gxh4 18.g5 hxg5 19.Nxg5 Rfe8 20.Rxh4 e5 21.cxd5 cxd5 22.Rd1 Rad8 23.Nf3 exd4
24.Rhxd4 Nb6 25.Rb4 Rd6 26.Na4 Nxa4 27.bxa4 Re7 28.Bc3 Ne4 29.Bxg7 Kxg7 30.Nd2 Rc6
31.Nxe4 dxe4 32.Rdd4 Rc2+ 33.Rd2 Rxd2+ 34.Kxd2 Kf6 35.Rb6+ Kf5 36.Ke2 Rc7
37.Kf1 Rd7 38.Kg2 Rf7 39.b4 Kg5 40.a5 Re7 41.Kg3 Rf7 42.Re6 Kf5 43.Rd6 Re7
44.Rb6 Rf7 45.b5 axb5 46.Rxb5+ Ke6 47.Kg4 Rxf2 48.Rxb7 Rf5 49.a6 Ra5 50.Rb6+ Kf7
51.Kf4 g5+ 52.Kxe4 g4 53.Kf4 Ra4+ 54.Kg3 Re4 55.Rb8 Rxe3+ 56.Kxg4 Ra3 57.Ra8 Ra5
58.Kf4 Kg7 59.Ke4 Rb5 60.Ra7+ Kg6 61.Kd4 Rb6 62.Ke5 Rc6 63.Ra8 Kg7 64.Ra7+ Kg6
65.Re7 Rxa6 66.Re6+ Rxe6+ 67.Kxe6  1/2-1/2

[Event "Vugar Gashimov Mem 2014"]
[Site "Shamkir AZE"]
[Date "2014.04.24"]
[Round "5.1"]
[White "Nakamura,Hi"]
[Black "Karjakin,Sergey"]
[Result "1/2-1/2"]
[WhiteElo "2772"]
[BlackElo "2772"]

1.Nf3 Nf6 2.c4 b6 3.g3 c5 4.Bg2 Bb7 5.O-O g6 6.Nc3 Bg7 7.d4 cxd4 8.Qxd4 d6
9.Rd1 Nbd7 10.Be3 Rc8 11.Rac1 a6 12.b3 O-O 13.Qh4 Re8 14.Bh3 Ba8 15.g4 b5
16.cxb5 Qa5 17.Bd2 Bxf3 18.exf3 Ne5 19.Kg2 g5 20.Qxg5 axb5 21.Qe3 b4 22.Ne2 Nd5
23.Qe4 Rxc1 24.Bxc1 e6 25.f4 Nf6 26.Qb7 Nexg4 27.Qf3 h5 28.Rxd6 Qxa2 29.Ng3 Qxf2+
30.Qxf2 Nxf2 31.Kxf2 h4 32.Kf3 hxg3 33.hxg3 Ra8 34.f5 Bf8 35.Rc6 Nd7 36.Rc7 Nc5
37.Be3 Ra5 38.fxe6 Nxe6 39.Rc8 Kg7 40.Bf1 Rf5+ 41.Kg2 Bc5 42.Bd3 Re5 43.Bxc5 Rxc5
44.Rb8 Rc3 45.Bc4 Nd4 46.Rxb4 Nf5 47.Rb7 Ne3+ 48.Kf2 Nxc4 49.bxc4 Rxc4  1/2-1/2

[Event "Vugar Gashimov Mem 2014"]
[Site "Shamkir AZE"]
[Date "2014.04.27"]
[Round "7.2"]
[White "Nakamura,Hi"]
[Black "Carlsen,M"]
[Result "0-1"]
[WhiteElo "2772"]
[BlackElo "2881"]

1.d4 Nf6 2.c4 e6 3.Nc3 Bb4 4.f3 c5 5.d5 O-O 6.e4 d6 7.Bd2 Nbd7 8.Nge2 Ne5
9.Ng3 exd5 10.cxd5 Bd7 11.a3 Ba5 12.Be2 b5 13.O-O c4 14.Be3 Bb6 15.Qd2 Rb8
16.Nd1 Bc8 17.Kh1 Nfd7 18.f4 Ng6 19.Bxb6 Rxb6 20.Ne3 Nc5 21.Bd1 Nd3 22.f5 Ngf4
23.a4 a6 24.Ng4 h5 25.Nf2 Qf6 26.Nxd3 Nxd3 27.Qe3 Rb7 28.Nxh5 Qh6 29.Qxh6 gxh6
30.axb5 axb5 31.Bc2 Ne5 32.Ra6 Rd8 33.Ng3 Rb8 34.Ra7 b4 35.Ne2 Bd7 36.Rfa1 Bb5
37.h3 Rdc8 38.Kh2 c3 39.Nd4 cxb2 40.Rb1 Rc4 41.Nxb5 Rxc2 42.Nd4 Rd2 43.Nc6 Re8
44.Ra4 Nd3 45.Nxb4 Nf2 46.Ra2 Nd1 47.Rxd1 Rxd1 48.Rxb2 Rxe4 49.Nc6 Kg7 50.f6+ Kxf6
51.Rf2+ Kg6 52.Nd8 Re8  0-1

[Event "Vugar Gashimov Mem 2014"]
[Site "Shamkir AZE"]
[Date "2014.04.28"]
[Round "8.3"]
[White "Mamedyarov,S"]
[Black "Nakamura,Hi"]
[Result "0-1"]
[WhiteElo "2760"]
[BlackElo "2772"]

1.d4 d5 2.c4 c6 3.Nf3 Nf6 4.g3 Bf5 5.Nc3 e6 6.Nh4 Be4 7.f3 Bg6 8.Qb3 Qb6
9.Nxg6 hxg6 10.c5 Qc7 11.e4 Be7 12.Bf4 Qc8 13.exd5 Nxd5 14.Nxd5 cxd5 15.O-O-O Nc6
16.Kb1 g5 17.Be3 f5 18.g4 f4 19.Bf2 Kf7 20.Re1 b6 21.Qa4 bxc5 22.Ba6 Qc7
23.Bb5 Rab8 24.Rxe6 Kxe6 25.Bxc6 Rhd8 26.dxc5 Bf6 27.Bd4 Kf7 28.Rd1 Kf8 29.a3 Bxd4
30.Rxd4 Qe5 31.Rd2 Qe1+ 32.Rd1 Qe2 33.b4 Qxf3 34.Kb2 Qxg4 35.Qc2 Qe6 36.Ba4 Kg8
37.Bb3 Kh8 38.c6 Rd6 39.Rc1 f3 40.Qc5 Qf6+ 41.Ka2 f2 42.c7 Rc8 43.Rf1 d4
44.h4 Qf3 45.Bc4 Rc6 46.Qxd4 R6xc7 47.Rxf2 Rxc4  0-1

[Event "Vugar Gashimov Mem 2014"]
[Site "Shamkir AZE"]
[Date "2014.04.29"]
[Round "9.3"]
[White "Karjakin,Sergey"]
[Black "Nakamura,Hi"]
[Result "1/2-1/2"]
[WhiteElo "2772"]
[BlackElo "2772"]

1.d4 Nf6 2.c4 g6 3.Nc3 Bg7 4.e4 d6 5.Nf3 O-O 6.h3 e5 7.d5 a5 8.Bg5 Na6 9.Nd2 Qe8
10.Be2 Nd7 11.a3 f6 12.Bh4 Nb6 13.b3 Bh6 14.f3 Be3 15.Bf2 Bxf2+ 16.Kxf2 f5
17.Rb1 Qd8 18.h4 Nd7 19.h5 Nf6 20.hxg6 hxg6 21.Bd3 c6 22.Qe1 cxd5 23.Nxd5 Nxd5
24.cxd5 Nc5 25.Bc2 Qg5 26.Kg1 Kg7 27.Nc4 fxe4 28.Bxe4 Ra6 29.Qe3 Qxe3+ 30.Nxe3 b5
31.Bc2 Ra7 32.Kf2 b4 33.Ra1 Rf4 34.axb4 Rxb4 35.Ra3 Bd7 36.Rha1 a4 37.bxa4 Bxa4
38.Kg3 Ra6 39.Bxa4 Rbxa4 40.Rxa4 Rxa4  1/2-1/2

[Event "Vugar Gashimov Mem 2014"]
[Site "Shamkir AZE"]
[Date "2014.04.30"]
[Round "10.1"]
[White "Nakamura,Hi"]
[Black "Radjabov,T"]
[Result "1/2-1/2"]
[WhiteElo "2772"]
[BlackElo "2713"]

1.e4 e5 2.Nf3 Nc6 3.Bb5 Nf6 4.O-O Nxe4 5.d4 Nd6 6.Bxc6 dxc6 7.dxe5 Nf5 8.Qxd8+ Kxd8
9.h3 Bd7 10.Nc3 h6 11.Rd1 Kc8 12.b3 b6 13.Ne2 c5 14.Bb2 Bc6 15.Ne1 h5 16.c4 Kb7
17.Nf4 h4 18.Nd5 Re8 19.Nc2 Be7 20.Rd3 Bg5 21.Ne1 a5 22.Nf3 Bd8 23.a4 Kc8
24.Rad1 Rh6 25.Nh2 Rh5 26.Ng4 Rhh8 27.f4 Rh5 28.Kh2 Rhh8 29.Bc3 Rh5 30.Bb2 Rhh8
31.Bc1 Rh5 32.Be3 Rhh8 33.Kg1 Rh5 34.Bf2 Rhh8 35.Nh2 Rh5 36.Nf3 Rhh8 37.Nd2 Rhg8
38.Nf3 Rh8 39.Kh2 Rh5 40.Re1 Rh6 41.Rdd1 Rg6 42.Be3 Rh6 43.Rd3 Rhh8 44.Bc1 Rh6
45.Bb2 Rh5 46.Bc1 Rh6 47.Nd2 Rhh8 48.Ne4 Rh6 49.Bb2 Bd7 50.Red1 Be6 51.Bc3 Rh5
52.Bb2 Rh6 53.Rf3 Rh5 54.Bc3 Kb7 55.Kg1 Kc8 56.Kf2 Kb7 57.Kg1 Kc8 58.Rfd3 Rh6
59.Bd2 Rhh8 60.Re1 Nd4 61.Bc3 Nf5 62.Kh2 Rh5 63.Red1 Rhh8 64.Be1 Kb7 65.Bf2 Kc8
66.Ndc3 Be7 67.Nd2 Kb8 68.Nf3 Ref8 69.Ne4 Bc8 70.Nc3 Be6 71.Be1 Bc8 72.Bf2 Be6
73.R3d2 Bc8 74.Re1 Rh5 75.Nd5 Bd8 76.Red1 Rhh8 77.Rd3  1/2-1/2

[Event "Cez Trophy 2014"]
[Site "Prague CZE"]
[Date "2014.06.07"]
[Round "1"]
[White "Navara,D"]
[Black "Nakamura,Hi"]
[Result "0-1"]
[WhiteElo "2724"]
[BlackElo "2775"]

1.d4 Nf6 2.c4 g6 3.Nc3 Bg7 4.e4 d6 5.Nf3 O-O 6.h3 e5 7.d5 a5 8.Bg5 Na6 9.Nd2 Qe8
10.Be2 Nd7 11.a3 Nb6 12.Be3 Bd7 13.b3 f5 14.Nb5 Qd8 15.Bxb6 cxb6 16.Nxd6 Nc5
17.O-O Bh6 18.b4 Ba4 19.Qb1 Qxd6 20.bxc5 Qxc5 21.Nf3 fxe4 22.Qxe4 Rae8 23.Qh4 Kg7
24.Ng5 Rf4 25.Qg3 Bxg5 26.Qxg5 Bb3 27.a4 Re4 28.Rfe1 Qd4 29.Bf1 Rxe1 30.Rxe1 Bxa4
31.h4 Bd7 32.h5 Qf4 33.Qxf4 exf4 34.Rb1 b5 35.cxb5 b6 36.Rc1 Rc8 37.Re1 Re8
38.Rc1 Rc8 39.Re1 Kf6 40.hxg6 hxg6 41.d6 Rc5 42.Re4 Rc1 43.Rxf4+ Ke6 44.Re4+ Kxd6
45.Rd4+ Ke6 46.Rc4 Rxf1+  0-1